| 000 | 01824cam a22003371ia4500 | ||
|---|---|---|---|
| 003 | SA-RiAUC | ||
| 005 | 20241226123735.0 | ||
| 008 | 241224s1987 le g 001 0 ara c | ||
| 040 |
_aJO-AmWISE _bara _cSA-RiAUC _erda |
||
| 050 | 4 | _bB56 1987 | |
| 082 | 0 | 4 |
_a237.6 _qSA-RiAUC |
| 090 |
_a237.6 _bا ب ن ص |
||
| 100 | 1 |
_aبن الصديق، أحمد بن محمد، _d1901-1960 _eمؤلف. |
|
| 245 | 1 | 2 |
_aالهداية في تخريج أحاديث البداية / _cأبو الفيض أحمد بن محمد بن الصديق الغماري ؛ تحقيق يوسف عبد الرحمن المرعشلي، عدنان علي شلاق. بداية المجتهد لابن رشد. |
| 250 | _aالطبعة الأولى. | ||
| 264 | 1 |
_aبيروت : _bعالم الكتب، _c1987 |
|
| 300 |
_a8 مجلد ؛ _c24 سم |
||
| 336 |
_aنص _btxt _2rdacontent _3كتاب |
||
| 337 |
_aبدون وسيط _bn _2rdamedia |
||
| 338 |
_aمجلد _bnc _2rdacarrier |
||
| 500 | _aيشتمل على كشافات. | ||
| 501 | _aمعه : أعلى الصفحات بداية المجتهد ونهاية المقتصد / أبو الوليد محمد بن أحمد بن محمد بن رشد الحفيد ؛ تحقيق يوسف عبد الرحمن المرعشلي، عدنان علي شلاق. | ||
| 504 | _aببليوجرافية : صفحة 679-696. | ||
| 650 | 7 |
_aالحديث _xمستخرجات _2aucsh |
|
| 650 | 7 |
_aالحديث _xجوامع الفنون _2aucsh |
|
| 700 | 1 |
_aشلاق، عدنان علي _eمحقق. |
|
| 700 | 1 |
_aالمرعشلي، يوسف عبد الرحمن، _d1952- _eمحقق. |
|
| 700 | 1 | 2 |
_iتحقيق لـ (عمل) : _aبن الصديق، أحمد بن محمد، _d1901-1960 _tالهداية في تخريج أحاديث البداية |
| 942 |
_2ddc _cBOOK |
||
| 949 |
_aSA-JeALM _d241224 _ukhaled123 _n1 |
||
| 999 |
_c3852 _d3852 |
||